B Street (Record no. 161710)
[ view plain ]
| 000 -LEADER | |
|---|---|
| fixed length control field | 01899nam a2200409 a 4500 |
| 082 04 - DEWEY DECIMAL CLASSIFICATION NUMBER | |
| Classification number | 979.7/31 |
| 100 1# - MAIN ENTRY--AUTHOR NAME | |
| Personal name | Reyes, Lawney L. |
| 245 10 - TITLE STATEMENT | |
| Title | B Street |
| 260 ## - PUBLICATION, DISTRIBUTION, ETC. (IMPRINT) | |
| Place of publication | Seattle : |
| Name of publisher | University of Washington Press, |
| Year of publication | c2008. |
| 300 ## - PHYSICAL DESCRIPTION | |
| Number of Pages | xxii, 155 p. : |
| Other physical details | ill., maps. |
| 500 ## - GENERAL NOTE | |
| General note | "How the building of Grand Coulee Dam changed forever the lives of one Indian family and devastated an entire tribe"--Cover. |
| 505 0# - FORMATTED CONTENTS NOTE | |
| Formatted contents note | Moccasin telegraph -- The town hall -- Family planning -- B Street -- Working stiffs -- Pretty ladies -- Woo dip -- Show business -- The China man -- Ceremony of tears. |
| 650 #0 - SUBJECT ADDED ENTRY--TOPICAL TERM | |
| Topical Term | Colville Indians |
| Topical Term | Colville Indians |
| Topical Term | Water resources development |
| 856 40 - ELECTRONIC LOCATION AND ACCESS | |
| Uniform Resource Identifier | http://site.ebrary.com/lib/rucke/Doc?id=10640402 |
No items available.
